The Galactic Super massive Black Hole (Record no. 478355)

000 -LEADER
fixed length control field 00449nam a22001697a 4500
003 - CONTROL NUMBER IDENTIFIER
control field NUST
005 - DATE AND TIME OF LATEST TRANSACTION
control field 20180523044826.0
008 - FIXED-LENGTH DATA ELEMENTS--GENERAL INFORMATION
fixed length control field 180523b ||||| |||| 00| 0 eng d
020 ## - INTERNATIONAL STANDARD BOOK NUMBER
International Standard Book Number 9780691095356
038 ## - RECORD CONTENT LICENSOR
Staff Name SNS Library
082 ## - DEWEY DECIMAL CLASSIFICATION NUMBER
Classification number 523.8875
100 ## - MAIN ENTRY--PERSONAL NAME
Personal name Fulvio Melia
9 (RLIN) 10452
245 ## - TITLE STATEMENT
Title The Galactic Super massive Black Hole
Statement of responsibility, etc. Fulvio Melia
260 ## - PUBLICATION, DISTRIBUTION, ETC.
Place of publication, distribution, etc. USA
Name of publisher, distributor, etc. Book Field International
Date of publication, distribution, etc. 2007
300 ## - PHYSICAL DESCRIPTION
Extent 296 p.
Other physical details Hb.
942 ## - ADDED ENTRY ELEMENTS (KOHA)
Source of classification or shelving scheme
Koha item type Book
Holdings
Withdrawn status Lost status Source of classification or shelving scheme Damaged status Not for loan Permanent Location Current Location Date acquired Total Checkouts Full call number Barcode Date last seen Price effective from Koha item type
          School of Natural Sciences (SNS) School of Natural Sciences (SNS) 05/23/2018   523.8875 SNS0002453 05/23/2018 05/23/2018 Book
© 2023 Central Library, National University of Sciences and Technology. All Rights Reserved.